| 000 | 00941cam a22002891 4500 | ||
|---|---|---|---|
| 001 | 9535 | ||
| 003 | BD-RjUL | ||
| 005 | 20211208234808.0 | ||
| 008 | 140121t1966 enka b 001 0 eng | ||
| 035 | _a(BD-RjUL)9580 | ||
| 040 |
_aDLC _cDLC _dICU _dDLC _dBD-RjUL _beng |
||
| 041 | _aeng | ||
| 082 | 0 | 0 |
_a541.224 _216 _bCAV 1966 |
| 100 | 1 |
_aCartmell, E. _q(Edward) _929542 |
|
| 245 | 1 | 0 |
_aValency and molecular structure / _c[by] E. Cartmell and G.W.A. Fowles. |
| 250 | _a3rd ed. | ||
| 260 |
_aLondon : _bButterworths, _c1966 [reprinted 1974]. |
||
| 300 |
_axii, 315 p. : _btables, diagrs. ; _c22 cm. |
||
| 350 | _a37/6 | ||
| 504 | _aIncludes bibliographical reference and index. | ||
| 650 | 0 |
_aValence (Theoretical chemistry) _929543 |
|
| 650 | 0 |
_aMolecular structure. _928116 |
|
| 700 | 1 |
_aFowles, G. W. A. _q(Gerald Wilfred Albert), _ejoint author. _929544 |
|
| 740 | 0 | _aMolecular structure. | |
| 942 |
_2ddc _cBK |
||
| 999 |
_c9535 _d9535 |
||